000 01049nas a2200313 4500
001 BR8200577
003 BR-BrBNA
005 20231205085013.0
007 ta
008 230509b bl.|||p| |||| 00| 00por d
040 _aBR-BrBNA
_bpor
_cBiblioteca Nacional de Agricultura
041 _a(Pt)
072 _aF60; F00
100 1 _aMoura, G. de M.
100 1 _aCosta, J.A.
245 1 _aAcumulo de materia seca em resposta ao desfolhamento na soja [Glycine max; Rio Grande do Sul; Brasil]
_bParte de tese
246 1 _aDry matter accumulation in response to defoliation in soybeans
_b[Part of thesis]
650 _aFisiologia vegetal
650 _aProducao vegetal
650 _aSoja
650 _aDesfolha artificial
650 _aCurva de crescimento
650 _aMateria seca
650 _aRelacao caule-folha
650 _aRio Grande do Sul
773 0 _tRevista do Setor de Ciencias Agrarias (Brazil)
_xISSN 0100-607X
_g(1981), v. 3(1) p. 47-61
_wBR8200577
909 _a202311
_bLúcia
_c55
_dLúcia Elande
942 _2AGRIS
_n0
_cANA
999 _c108630
_d108630